Statistics for Jack Black Movies

Click here to take the quiz!

General Stats

  • This quiz has been taken 10 times
  • The average score is 5 of 17

Answer Stats

Release YearCostarsMovie% Correct
2003Mike White, Joan CusackSchool of Rock
67%
2010Emily Blunt, Jason SegelGulliver's Travels
56%
2008Dustin Hoffman, Angelina JolieKung Fu Panda
56%
1996Jim Carrey, Matthew BroderickThe Cable Guy
56%
2023Chris Pratt, Anya Taylor JoyThe Super Mario Bros. Movie
44%
2008Ben Stiller, Robert Downey Jr.Tropic Thunder
44%
1998Will Smith, Gene HackmanEnemy of the State
33%
2015Dylan Minnette, Odeya RushGoosebumps
33%
2002Ray Romano, John LeguizamoIce Age
33%
2005Naomi Watts, Adrien BrodyKing Kong
33%
1996Jack Nicholson, Glenn CloseMars Attacks!
22%
TBAJamie Lee Curtis, Kevin HartBorderlands
11%
2018Joaquin Phoenix, Jonah HillDon't Worry, He Won't get Far on Foot
11%
2015James Marsden, Kathryn HahnThe D Train
11%
2018Cate Blanchett, Kyle MacLachlanThe House with a Clock in It's Walls
11%
2017Jason Schwartzman, Jacki WeaverThe Polka King
11%
2006Kyle Gass, Tim RobbinsTenacious D in the Pick of Destiny
0%

Score Distribution

Percentile by Number Answered

Percent of People with Each Score

Your Score History

You have not taken this quiz